| 000 | 00927nam a22002538a 4500 | ||
|---|---|---|---|
| 001 | 1594696 | ||
| 003 | CO-ViMGA | ||
| 005 | 20230915233606.0 | ||
| 008 | 180430s2018 ck r 00110 spa d | ||
| 020 | _a9789587669268 | ||
| 040 |
_aCO-ViMGA _bspa _cCO-ViMGA |
||
| 043 | _as-ck--- | ||
| 082 | 0 | 4 |
_aR590.7 _221 _bF17a |
| 100 | 1 |
_aFarndon, John. _954 |
|
| 245 | 0 | 0 |
_aAtlas de la vida silvestre : _buna exhaustiva guia del habitat de los animales / _cJohn Farndon ; traduccion Maria Patricia Esguerra. |
| 260 |
_aBogota :̀ _bPanamericana Editorial, _c2018. |
||
| 300 |
_a160 paginas : _blaminas ; _c21 cm. |
||
| 534 |
_pTitulo original : _tFirefly Wiildlife Atlas / A comprehensive guide to animal habitats. |
||
| 650 | 1 | 4 |
_aAnimales _x Habitos y conducta. _956 |
| 650 | 1 | 4 |
_aEcologia animal _v Atlas. _955 |
| 650 | 1 | 4 |
_aHabitat (Ecologa̕) _957 |
| 700 | 1 |
_aEsguerra, Maria Patricia, _etraductora. _940 |
|
| 942 |
_2ddc _cBK |
||
| 999 |
_c37125 _d37125 |
||